मोरॅलिटी फॉर ब्यूटिफुल गर्ल्स-आंतरराष्ट्रीय बेस्ट सेलर पुस्तक. (Record no. 1344569)

MARC details
000 -LEADER
fixed length control field 01262nam a2200181Ia 4500
008 - FIXED-LENGTH DATA ELEMENTS--GENERAL INFORMATION
fixed length control field 151202s9999||||xx |||||||||||||| ||und||
082 ## - DEWEY DECIMAL CLASSIFICATION NUMBER
Item number PNVM-79960
100 ## - MAIN ENTRY--PERSONAL NAME
Personal name स्मिथ अलेक्झांडर मॅक्काल / अनु. चांदोरकर नीला.
245 ## - TITLE STATEMENT
Title मोरॅलिटी फॉर ब्यूटिफुल गर्ल्स-आंतरराष्ट्रीय बेस्ट सेलर पुस्तक.
260 ## - PUBLICATION, DISTRIBUTION, ETC. (IMPRINT)
Name of publisher, distributor, etc "मेहता पब्लिशिंग हाऊस,पुणे."
260 ## - PUBLICATION, DISTRIBUTION, ETC. (IMPRINT)
Date of publication, distribution, etc 2015
300 ## - PHYSICAL DESCRIPTION
Extent 204
600 ## - SUBJECT ADDED ENTRY--PERSONAL NAME
Personal name स्मिथ अलेक्झांडर मॅक्काल / अनु. चांदोरकर नीला.
630 ## - SUBJECT ADDED ENTRY--UNIFORM TITLE
Uniform title मोरॅलिटी फॉर ब्यूटिफुल गर्ल्स-आंतरराष्ट्रीय बेस्ट सेलर पुस्तक.
700 ## - ADDED ENTRY--PERSONAL NAME
Personal name स्मिथ अलेक्झांडर मॅक्काल / अनु. चांदोरकर नीला.
730 ## - ADDED ENTRY--UNIFORM TITLE
Uniform title मोरॅलिटी फॉर ब्यूटिफुल गर्ल्स-आंतरराष्ट्रीय बेस्ट सेलर पुस्तक.
942 ## - ADDED ENTRY ELEMENTS (KOHA)
Koha item type Book
Holdings
Withdrawn status Lost status Damaged status Not for loan Home library Current library Date acquired Cost, normal purchase price Total Checkouts Full call number Barcode Date last seen Cost, replacement price Price effective from Koha item type
        Pune Nagar Vachan Mandir, Pune Pune Nagar Vachan Mandir, Pune 09/09/2015 220.00   PNVM-79960 PNVM-79960 12/02/2015 220.00 12/02/2015 Book